00264nam a2200097Ia 4500008004100000041001200041100001600053245008500069260000600154650000600160221030s9999 xx 000 0 und d aEnglish aD. E. Knuth 4aThe Art of Computer Programming -Vol 2 Seminumerical Algorithmscby D. E. Knuth c0 aB